000 00219nam a22000857a 4500
008 160630b xxu||||| |||| 00| 0 eng d
100 _91452
_aArya Publications
245 _aDisaster Management - X
260 _aN.D
_b Arya
_c2005
999 _c1200
_d1200